[Event "Challenge"]
[Site "http://www.queenalice.com/game.php?id=1872538"]
[Date "2026.4.27"]
[Round "-"]
[White "jogo"]
[Black "arvo1938"]
[Result "0-1"]
[WhiteElo "1443"]
[BlackElo "2224"]

1. e4 e5 2. d4 exd4 3. Qxd4 Nc6 4. Qe3 Nf6 5. Nc3 Bb4 6. Bd2 O-O 7. O-O-O Re8 8.
h3 d5 9. Qg3 d4 10. Nd5 Bxd2+ 11. Rxd2 Nxe4 12. Qxc7 Nxd2 13. Qxd8 Rxd8 14. Nc7
Nxf1 15. Nxa8 d3 16. Nf3 Bf5 17. Rxf1 Rxa8 18. g4 Be4 19. Nd2 Bg6 20. c3 b5 21.
f4 f6 22. h4 Bf7 23. Rf3 Rd8 0-1